000 00716cam a22002413a 4500
001 26962
003 PGUSA
005 20140828083600.0
008 081019s2008||||xxu|||||s|||||000 1 eng d
040 _aPGUSA
_beng
042 _adc
050 4 _aPR
245 1 0 _aWilson's Tales of the Borders and of Scotland, Volume 17
_h[electronic resource]
260 _bProject Gutenberg,
_c2008
506 _aPublic domain in the USA.
516 _aElectronic text
653 _aScottish Borders (Scotland) -- Fiction
700 1 _aLeighton, Alexander,
_d1800-1874
700 1 _aWilson, John Mackay,
_d1804-1835
830 0 _aProject Gutenberg
_v26962
856 4 0 _uhttp://www.gutenberg.org/ebooks/26962
942 _cEB
999 _c256217
_d256217